000 02088cam a2200325 4500500
005 20260208003311.0
041 _afre
042 _adc
100 1 0 _aBlayac, Juliette
_eauthor
245 0 0 _a7. Jack London face à la morale économique du thrift : Lecture croisée de Le Peuple d’en bas et Martin Eden
260 _c2025.
500 _a8
520 _aCet article explore la critique de la morale économique du thrift par Jack London à travers deux de ses oeuvres Le Peuple d’en bas et Martin Eden. En croisant ses perspectives avec celles de Marshall et de Pigou, l’étude montre les effets destructeurs du thrift pour la classe ouvrière. Bien que présenté comme un vecteur d’ascension sociale, le thrift renforce souvent les inégalités et contribue au malheur des agents économiques. Cette analyse enrichit les débats sur l’histoire de la pensée économique et l’économie morale.
520 _aThis article examines Jack London’s critique of the economic morality of thrift the economic morality of thrift in two of his works, The People of the Abyss and Martin Eden. By contrasting London’s perspective with the economic theories of Marshall and Pigou, the study highlights the destructive consequences of thrift for the working class. It underscores how thrift, presented as a path to social mobility, often reinforces economic inequality and individual sacrifice. This analysis contributes to debates on the historical interplay between moral economy and economic thought.
690 _aJack London
690 _aJessica Peixotto
690 _aMobilité sociale
690 _aPigou
690 _aThrift
690 _aB31
690 _aB54
690 _aJack London
690 _aJessica Peixotto JEL Classification: B10
690 _aN31
690 _aPigou
690 _aSocial Mobility
690 _aThrift
786 0 _nCahiers d'économie politique | 88 | 3 | 2025-12-24 | p. 144-179 | 0154-8344
856 4 1 _uhttps://shs.cairn.info/revue-cahiers-deconomie-politique-2025-3-page-144?lang=fr&redirect-ssocas=7080
999 _c1647615
_d1647615